000 00893nam a22003137a 4500
001 BR0001650
003 BR-BrBNA
005 20230928100555.0
007 ta
008 230509b bl.||||| |||| 00| 0 por d
040 _aBR-BrBNA
_bpor
_cBiblioteca Nacional de Agricultura
041 _a(Por)
072 _aE14; E10
090 _ E14 BR0001650
110 1 _aCompanhia de Armazens e Silos do Estado de Minas Gerais, Belo Horizonte (Brasil)
_92335
245 1 _aEstudo sobre o abastecimento de Belo Horizonte
260 3 _aBelo Horizonte, MG (Brasil):
_c1959.
300 _a228 p.
500 _a88 tables
650 _aProjeto Agricola
650 _aPolitica de Abastecimento
650 _aArmazenamento de Alimento
650 _aEstocagem
650 _aConsumo
650 _aComercializacao
650 _aTransporte
909 _a202309
_bLucia
_c55
_dLucia Elande
942 _cBK
999 _c61877
_d61877